Gastroenterología práctica / (Record no. 78339)

MARC details
000 -LEADER
campo de control de longitud fija 00680nam a2200193 i 4500
001 - NÚMERO DE CONTROL
campo de control 78339
003 - IDENTIFICADOR DE NÚMERO DE CONTROL
campo de control ES-MaACL
005 - FECHA Y HORA DE LA ÚLTIMA TRANSACCIÓN
campo de control 20230906173649.0
007 - CAMPO FIJO DE DESCRIPCIÓN FÍSICA--INFORMACIÓN GENERAL
campo de control de longitud fija t|
008 - DATOS DE LONGITUD FIJA--INFORMACIÓN GENERAL
campo de control de longitud fija 041013q1990 sp ||||1| spa d
100 1# - ENTRADA PRINCIPAL--NOMBRE DE PERSONA
Nombre de persona Hafter, Ernst.
9 (RLIN) 61438
245 10 - MENCIÓN DEL TÍTULO
Título Gastroenterología práctica /
Mención de responsabilidad, etc. por Ernst Hafter ; con la colaboración de H. W. Hots y F. Deucher ; traducción española de Gregorio Zamanillo González Camino.
260 ## - PUBLICACIÓN, DISTRIBUCIÓN, ETC.
Lugar de publicación, distribución, etc. Barcelona :
Nombre del editor, distribuidor, etc. Noguer,
Fecha de publicación, distribución, etc. [1990?]
300 ## - DESCRIPCIÓN FÍSICA
Extensión VII, 407 p. :
Otras características físicas il. ;
Dimensiones 25 cm.
700 1# - ENTRADA AGREGADA--NOMBRE PERSONAL
Nombre de persona Hots, H. W.
9 (RLIN) 64309
700 1# - ENTRADA AGREGADA--NOMBRE PERSONAL
Nombre de persona Deucher, F.
9 (RLIN) 43974
700 1# - ENTRADA AGREGADA--NOMBRE PERSONAL
Nombre de persona Zamanillo González Camino, Gregorio.
9 (RLIN) 117891
852 ## - LOCALIZACIÓN
Ubicación ES-MaACL
Número de control de estantería C-17441
Sublocalización o colección R.44856
Holdings
Estatus retirado Estado de pérdida Estado de daño No para préstamo Biblioteca de origen Biblioteca actual Ubicación en estantería Fecha de adquisición Fuente de adquisición Total de préstamos Signatura topográfica completa Código de barras Visto por última vez Precio de reemplazo Tipo de ítem Koha
        Biblioteca del Ateneo de Madrid Biblioteca del Ateneo de Madrid Galería 17/01/2008     C-17441 1081945 23/02/2023 23/02/2023 Libro impreso